Регионална библиотека "Любен Каравелов" - Русе

Познаваемост на света (Запис номер 342220)

MARC детайли
000 -Лидер
Контролно поле с фиксирана дължина 01051nam a2200265 c 4500
003 - Код на организацията, давaща контролен номер
Контролно поле BLK
005 - Дата и час на последна редакция
Контролно поле 20190913121155.0
008 - Елементи от данни с фиксирана дължина
fixed length control field 180911b bul|||||r ||||||| ||bul||
010 ## - Наследен системен номер
LC control number 001859
040 ## - Източник на каталожния запис
Идентификатор на билиотеката - собственик на записа BLK
041 ## - Код за език
Код за езика на текст/звукозапис или на отделно заглавие Български
080 ## - УДК
УДК - код + определител 165.9
100 1# - Редна дума - Автор
Автор ПАВЛОВ, Тодор
Авторска отговорност първи автор
245 00 - Сведения за заглавието
Заглавие Познаваемост на света
246 ## - Различни форми на заглавието
Паралелно заглавие Към въпроса за марксистко-ленинската теория на познанието ; Лекция, изнесена пред акад., чл.-кореспонденти, науч. сътрудници и препод. от БАН и ВУЗ
260 ## - Област на издателските данни
Място на издаване, разпространение и проч. София
Име на издателя, разпространителя и проч. БАН
Година на издаване 1950
300 ## - Физическа характеристика
Страници 51 с
Размери/Мащаб 21 см
380 ## - Жанр
Жанр Философия
490 ## - СЕРИИ (Колекции)
Име на серия БАН. И-т по философия
490 ## - СЕРИИ (Колекции)
Име на серия Частна колекция - Академик Михаил Арнаудов
Бележки за серията Дарение - Основен фонд
655 ## - Ключова дума – жанр/разновидност
Данни за жанр/разновидност или ключова дума за фокус Философия
700 1# - Други автори (авторска отговорност)
Лично име Тодор Павлов
852 ## - Местоположение
Форматна сигнатура МА 2698
942 ## - АРТИКУЛИ
Вид на библиотечния материал Книги
Скрит в OPAC Не
944 ## - СЪЗДАВАНЕ И РЕДАКЦИЯ на ЗАПИСА
Създаване/Редакция Създаване
Дата на регистрацията/редакция 1997
Служител, извършил регистрацията/редакцията GGG
999 ## - СИСТЕМНИ КОНТРОЛНИ НОМЕРА
Koha biblionumber 342220
Koha biblioitemnumber 342220
Наличности
Код за отписване Код за изгубен артикул Източник на класификационната схема Код за повреда Коз за рестрикции Код за отдаване Артикулен № Име на библиотеката - собственик Име на библиотеката, в която се намира в момента Статус (Текущо местоположение) Местоположение - отдел Цена в лева Инвентарен номер Систематично азбучна сигнатура Баркод Номер на екземпляра Цена в евро Служебен тип на артикула
  Не е изгубен Universal Decimal Classification Не е повреден без рестрикции Специални фондове ( старопечатни, редки и ценни, фонд М. Арнаудов) 742270 Регионална библиотека "Любен Каравелов" Русе Регионална библиотека "Любен Каравелов" Русе Фонд "Михаил Арнаудов" Фонд "Михаил Арнаудов" 20.00 589975 МА 2698 120000589975 1 10.23 Книги
Vip Innovations Ltd, Rousse, Bulgaria 2025